000 00781nam a22002057a 4500
003 NALT
005 20251029090618.0
008 s2522 th tha d
040 _aNALT
041 _atha
050 _aHB 75
_bศ43 2522
100 0 _aศร สัจจา
_926687
245 1 0 _aเศรษฐศาสตร์การเมือง ฉบับสมบูรณ์ (ชุดที่ 1) /
_cศร สัจจา.
260 _aกรุงเทพฯ :
_bกลุ่มเศรษฐศาสตร์การเมือง,
_c2522.
300 _a363 หน้า ;
650 4 _aเศรษฐศาสตร์การเมือง
_919841
850 _aNALT
856 4 0 _uhttps://hdl.handle.net/20.500.14156/443919
942 _cRRB
_2lcc
999 _c3706
_d3706
998 _j4612
_k นางสาววัลยา พุ่มต้นวงค์